[Event "SVK-ch U14 Girls"]
[Site "Tatralandia"]
[Date "2024.04.11"]
[Round "8"]
[White "Kovarova, Zuzana"]
[Black "Haasova, Timea"]
[Result "0-1"]
[WhiteElo "1549"]
[BlackElo "1917"]
[PlyCount "84"]
[EventDate "2024.04.05"]
[EventType "swiss"]
[EventRounds "9"]
[EventCountry "SVK"]
[SourceTitle "CB16_2024"]
[SourceDate "2024.04.17"]
[SourceVersion "1"]
[SourceVersionDate "2024.04.17"]
[SourceQuality "1"]

1. d4 e6 2. c4 f5 3. Nf3 d5 4. Bg5 Nf6 5. e3 c6 6. Bd3 Bb4+ 7. Nbd2 Bd6 8. 0-0 Nbd7 9. a3 Qe7 10. cxd5 cxd5 11. Rc1 0-0 12. Nb1 h6 13. Bh4 g5 14. Bg3 Ne4 15. Bxd6 Qxd6 16. Nfd2 Ndf6 17. f3 Nxd2 18. Nxd2 f4 19. Qe2 e5 20. exf4 exf4 21. Qf2 Qb6 22. Rb1 Re8 23. Rfd1 Bd7 24. Bc2 Bb5 25. Kh1 Re2 26. Qg1 Qa5 27. Nb3 Qa4 28. Bd3 Qxb3 29. Bxe2 Bxe2 30. Re1 Bd3 31. Rbd1 Rc8 32. Re6 Kf7 33. Rde1 Qxb2 34. Re7+ Kg6 35. g3 fxg3 36. Qxg3 Rc1 37. Qg1 Rxe1 38. Qxe1 Qxd4 39. Rxb7 Qf4 40. Rxa7 Qxf3+ 41. Kg1 Be4 42. Qf2 Qh1# 0-1

[Event "Skalica op-B"]
[Site "Skalica"]
[Date "2023.08.19"]
[Round "1"]
[White "Haasova, Timea"]
[Black "Hladka, Leontyna"]
[Result "1-0"]
[WhiteElo "1764"]
[BlackElo "1459"]
[PlyCount "57"]
[EventDate "2023.08.19"]
[EventType "swiss"]
[EventRounds "9"]
[EventCountry "SVK"]
[SourceTitle "CBM 215 Extra"]
[Source "ChessBase"]
[SourceDate "2023.09.30"]
[SourceVersion "1"]
[SourceVersionDate "2023.09.30"]
[SourceQuality "1"]

1. d4 Nf6 2. Nf3 e6 3. e3 b6 4. b3 Bb7 5. Bb2 d5 6. Bd3 Nbd7 7. 0-0 c5 8. Nbd2 Be7 9. c4 0-0 10. Qe2 Ne4 11. Ne5 Nxe5 12. dxe5 Nxd2 13. Qxd2 dxc4 14. bxc4 Qc7 15. Qc2 h6 16. f4 Qc6 17. Rad1 Rad8 18. Rf3 Rd7 19. e4 Rfd8 20. f5 exf5 21. exf5 f6 22. Rg3 fxe5 23. Bxe5 Bd6 24. Rg6 Qc7 25. Bxd6 Rxd6 26. Qe2 Rxg6 27. fxg6 Qc6 28. Be4 Rxd1+ 29. Qxd1 1-0

[Event "SVK-ch Amateurs"]
[Site "Liptovsky Jan"]
[Date "2023.06.18"]
[Round "7"]
[White "Haasova, Timea"]
[Black "Jurky, Marian"]
[Result "1/2-1/2"]
[WhiteElo "1844"]
[BlackElo "1750"]
[PlyCount "119"]
[EventDate "2023.06.15"]
[EventType "swiss"]
[EventRounds "8"]
[EventCountry "SVK"]
[SourceTitle "CBM 214 Extra"]
[Source "ChessBase"]
[SourceDate "2023.07.31"]
[SourceVersion "1"]
[SourceVersionDate "2023.07.31"]
[SourceQuality "1"]

1. d4 d5 2. Bf4 Nf6 3. e3 e6 4. Nd2 Bd6 5. Bg3 0-0 6. Ngf3 c5 7. c3 Nc6 8. Bd3 Re8 9. Ne5 Qc7 10. f4 h6 11. 0-0 Qb6 12. Rb1 cxd4 13. exd4 Bf8 14. Kh1 g6 15. Bh4 Bg7 16. g4 Nh7 17. Qc2 Nf8 18. Ndf3 Qc7 19. Nxc6 bxc6 20. f5 exf5 21. gxf5 Bxf5 22. Bxf5 gxf5 23. Qxf5 Ng6 24. Bg3 Qc8 25. Qh5 Re4 26. Ne5 Bxe5 27. dxe5 Kg7 28. Rf6 Qg4 29. Qxg4 Rxg4 30. Rxc6 Re4 31. Rd6 Nxe5 32. Rxd5 Nf3 33. Rf1 Ng5 34. h4 Ne6 35. Rd7 Nd8 36. Bc7 Rxh4+ 37. Kg2 Ne6 38. Rdxf7+ Kg8 39. Bg3 Re4 40. R7f6 Kg7 41. Rf7+ Kg8 42. Rb7 Rf8 43. Rxf8+ Kxf8 44. Rxa7 Re2+ 45. Kf3 Rxb2 46. Bd6+ Kg8 47. c4 Rc2 48. Ra4 Kf7 49. Ke3 Nd8 50. Kd3 Rc1 51. Ra7+ Ke6 52. Bf4 Rd1+ 53. Kc3 h5 54. Rh7 Rh1 55. c5 Rh3+ 56. Kb2 Nc6 57. Rh6+ Kd5 58. Bd6 Kc4 59. Bc7 Kxc5 60. Bd6+ 1/2-1/2

[Event "SVK-ch Amateurs"]
[Site "Liptovsky Jan"]
[Date "2023.06.15"]
[Round "2"]
[White "Juhar, Vladimir"]
[Black "Haasova, Timea"]
[Result "0-1"]
[WhiteElo "1366"]
[BlackElo "1844"]
[PlyCount "62"]
[EventDate "2023.06.15"]
[EventType "swiss"]
[EventRounds "8"]
[EventCountry "SVK"]
[SourceTitle "CBM 214 Extra"]
[Source "ChessBase"]
[SourceDate "2023.07.31"]
[SourceVersion "1"]
[SourceVersionDate "2023.07.31"]
[SourceQuality "1"]

1. d4 Nf6 2. Nf3 d5 3. c3 e6 4. Bf4 Bd6 5. Bg3 0-0 6. e3 c5 7. Nbd2 Nc6 8. Bd3 cxd4 9. exd4 Re8 10. Bxd6 Qxd6 11. 0-0 Bd7 12. Re1 Qf4 13. Qc1 Qc7 14. Ne5 Rac8 15. Ndf3 h6 16. Qd1 Qb6 17. Qd2 Re7 18. Nxd7 Nxd7 19. Re3 Rce8 20. h3 e5 21. Bf1 e4 22. Nh2 Re6 23. b3 Ne7 24. Rae1 Nf5 25. R3e2 Qd6 26. f4 e3 27. Rxe3 Nxe3 28. Qf2 Nxf1 29. Rxf1 Re2 30. Qf3 Rxa2 31. Ng4 Ree2 0-1

[Event "SVK-ch U14 Girls"]
[Site "Dudince"]
[Date "2023.04.18"]
[Round "4"]
[White "Galdunova, Zuzana"]
[Black "Haasova, Timea"]
[Result "0-1"]
[WhiteElo "1273"]
[BlackElo "1825"]
[PlyCount "88"]
[EventDate "2023.04.16"]
[EventType "swiss"]
[EventRounds "9"]
[EventCountry "SVK"]
[SourceTitle "CBM 213 Extra"]
[Source "ChessBase"]
[SourceDate "2023.05.31"]
[SourceVersion "1"]
[SourceVersionDate "2023.05.31"]
[SourceQuality "1"]

1. d4 d5 2. c4 c6 3. Nc3 Nf6 4. Bf4 e6 5. e3 Nbd7 6. Nf3 Qa5 7. a3 Ne4 8. Qc1 Ndf6 9. Bd3 Nxc3 10. bxc3 dxc4 11. Bxc4 Ne4 12. 0-0 Qxc3 13. Qxc3 Nxc3 14. Bd3 Nd5 15. Bg3 Be7 16. e4 Nf6 17. e5 Nd5 18. a4 0-0 19. Rfe1 Rd8 20. Re4 b6 21. Bh4 Bxh4 22. Rxh4 h6 23. Rb1 Bb7 24. a5 Rab8 25. a6 Bc8 26. Rc1 Nb4 27. Be2 Bxa6 28. Bxa6 Nxa6 29. Rxc6 Rbc8 30. Rxc8 Rxc8 31. h3 Rc1+ 32. Kh2 b5 33. Re4 b4 34. Re3 Rc3 35. Re1 Nc7 36. Rb1 a5 37. Ra1 Ra3 38. Rc1 Nd5 39. Rc8+ Kh7 40. Rf8 Rxf3 41. gxf3 b3 42. Rxf7 b2 43. Rb7 Nb4 44. Rb5 b1Q 0-1

[Event "Liberec op 22nd"]
[Site "Liberec"]
[Date "2023.02.27"]
[Round "5"]
[White "Jeute, Peter"]
[Black "Haasova, Timea"]
[Result "0-1"]
[WhiteElo "1908"]
[BlackElo "1728"]
[PlyCount "76"]
[EventDate "2023.02.24"]
[EventType "swiss"]
[EventRounds "9"]
[EventCountry "CZE"]
[SourceTitle "CBM 213 Extra"]
[Source "ChessBase"]
[SourceDate "2023.05.31"]
[SourceVersion "1"]
[SourceVersionDate "2023.05.31"]
[SourceQuality "1"]

1. d4 d5 2. Nf3 Nf6 3. e3 e6 4. Bd3 c5 5. c3 Nc6 6. 0-0 Bd6 7. Nbd2 0-0 8. dxc5 Bxc5 9. b4 Bd6 10. Bb2 a6 11. h3 Qe7 12. Re1 Rd8 13. Qe2 Bd7 14. a3 Rac8 15. c4 e5 16. cxd5 Nxd5 17. Bc4 Nb6 18. e4 Nxc4 19. Nxc4 Bc7 20. Ne3 Be6 21. Rad1 f6 22. Rxd8+ Rxd8 23. Rd1 Qf7 24. Rxd8+ Bxd8 25. Qd2 Qg6 26. a4 Be7 27. b5 axb5 28. axb5 Nb4 29. Nf5 Bxf5 30. exf5 Qxf5 31. Ba3 Qb1+ 32. Kh2 Qe4 33. Qd7 Kf8 34. Bxb4 Bxb4 35. Qd8+ Kf7 36. Qd7+ Be7 37. Nd2 Qd4 38. Qxd4 exd4 0-1

[Event "EU-ch U12 Girls 30th"]
[Site "Antalya"]
[Date "2022.11.12"]
[Round "7"]
[White "Bashirli, Saadat"]
[Black "Haasova, Timea"]
[Result "1-0"]
[WhiteElo "1541"]
[BlackElo "1645"]
[PlyCount "137"]
[EventDate "2022.11.06"]
[EventType "swiss"]
[EventRounds "9"]
[EventCountry "TUR"]
[SourceTitle "CBM 211 Extra"]
[Source "ChessBase"]
[SourceDate "2023.01.31"]
[SourceVersion "1"]
[SourceVersionDate "2023.01.31"]
[SourceQuality "1"]

1. d4 d5 2. c4 c6 3. e3 Nf6 4. Nc3 e6 5. Nf3 Nbd7 6. Qc2 Bd6 7. b3 0-0 8. Be2 dxc4 9. bxc4 e5 10. 0-0 Qe7 11. Bb2 Re8 12. Rad1 e4 13. Nd2 Nf8 14. Rfe1 Bf5 15. Nf1 Bg6 16. Qb3 Rab8 17. Qa4 a6 18. c5 Bc7 19. Ba3 Qd8 20. Qb3 Nd5 21. Nxd5 cxd5 22. Rc1 f5 23. c6 b5 24. Bxf8 Rxf8 25. Rc5 Bf7 26. a4 Bd6 27. Rcc1 Qb6 28. Rb1 b4 29. Rec1 Rfc8 30. a5 Qa7 31. Qa4 Rc7 32. Nd2 Rbc8 33. Nb3 Be8 34. Nc5 Rxc6 35. Qxb4 Bxc5 36. Rxc5 Rxc5 37. dxc5 Qxc5 38. Bxa6 Qxb4 39. Rxb4 Rc1+ 40. Bf1 Bh5 41. Rb2 Bd1 42. a6 Ra1 43. h3 Kf7 44. Kh2 Ba4 45. Rb7+ Kf6 46. Rb6+ Ke5 47. a7 Bb5 48. Bxb5 Rxa7 49. Kg3 g5 50. Ra6 Rc7 51. Bc6 f4+ 52. Kg4 h6 53. Bb5 fxe3 54. fxe3 Rc3 55. Rxh6 Rxe3 56. Rg6 d4 57. Rxg5+ Kf6 58. Rd5 d3 59. g3 Ke6 60. Bc4 Kf6 61. h4 Kg6 62. Rd6+ Kg7 63. h5 Kh7 64. Kh4 Rf3 65. g4 Kg7 66. Kg5 Kh8 67. Kg6 Rf8 68. Rd7 Rf6+ 69. Kxf6 1-0

[Event "EU-ch U12 Girls 30th"]
[Site "Antalya"]
[Date "2022.11.09"]
[Round "4"]
[White "Haasova, Timea"]
[Black "Goriachkina, Oksana"]
[Result "1/2-1/2"]
[WhiteElo "1645"]
[BlackElo "1694"]
[PlyCount "72"]
[EventDate "2022.11.06"]
[EventType "swiss"]
[EventRounds "9"]
[EventCountry "TUR"]
[SourceTitle "CBM 211 Extra"]
[Source "ChessBase"]
[SourceDate "2023.01.31"]
[SourceVersion "1"]
[SourceVersionDate "2023.01.31"]
[SourceQuality "1"]

1. e4 c6 2. d4 d5 3. exd5 cxd5 4. Bd3 Nc6 5. c3 Nf6 6. h3 g6 7. Nf3 Bf5 8. Be2 Qc7 9. 0-0 Bg7 10. Be3 0-0 11. Nbd2 a6 12. Qc1 b5 13. Nb3 Ne4 14. Nfd2 Nd6 15. Nc5 e5 16. dxe5 Nxe5 17. Bd4 Rfe8 18. Re1 Nec4 19. b3 Bxd4 20. cxd4 Nxd2 21. Qxd2 Ne4 22. Nxe4 dxe4 23. Rac1 Qd6 24. Red1 Rac8 25. Qe3 Rxc1 26. Rxc1 Rd8 27. g4 Be6 28. Qxe4 Qxd4 29. Qxd4 Rxd4 30. Rc2 Kf8 31. Kf1 Ke7 32. Bf3 Bd7 33. Ke2 Rd6 34. Rc7 Re6+ 35. Kd2 Rf6 36. Ke2 Re6+ 1/2-1/2

[Event "SVK-ch U12 Girls"]
[Site "Stara Lubovna"]
[Date "2022.05.28"]
[Round "7"]
[White "Polackova, Eva"]
[Black "Haasova, Timea"]
[Result "0-1"]
[WhiteElo "1253"]
[BlackElo "1811"]
[PlyCount "98"]
[EventDate "2022.05.21"]
[EventType "tourn"]
[EventRounds "7"]
[EventCountry "SVK"]
[SourceTitle "CBM 208 Extra"]
[Source "ChessBase"]
[SourceDate "2022.07.31"]
[SourceVersion "1"]
[SourceVersionDate "2022.07.31"]
[SourceQuality "1"]

1. e4 e6 2. d4 d5 3. e5 c5 4. Nf3 Nc6 5. c3 Qb6 6. Be2 cxd4 7. cxd4 Nge7 8. Na3 Nf5 9. Nc2 Bb4+ 10. Nxb4 Qxb4+ 11. Qd2 Qxd2+ 12. Bxd2 Nfxd4 13. Nxd4 Nxd4 14. Bd1 Nc6 15. f4 Bd7 16. Kf2 Rc8 17. Be3 a6 18. Rc1 0-0 19. h4 Nb4 20. Rxc8 Rxc8 21. a3 Nd3+ 22. Ke2 Nxb2 23. h5 Bb5+ 24. Kd2 Nc4+ 25. Ke2 Nxe3+ 26. Kxe3 Rc3+ 27. Kd2 Rxa3 28. g4 Rd3+ 29. Ke1 Rd4 30. f5 Re4+ 31. Kf2 Rxe5 32. fxe6 fxe6 33. h6 gxh6 34. Rxh6 Kg7 35. Rh2 Bc4 36. Kg3 h6 37. Rb2 b5 38. Rg2 a5 39. Rb2 a4 40. Rf2 a3 41. Rh2 a2 42. Bf3 a1Q 43. Kg2 Bf1+ 44. Kg3 Qe1+ 45. Kf4 Rg5 46. Bh1 Qe5+ 47. Kf3 Qe4+ 48. Kf2 Qe2+ 49. Kg3 Rxg4# 0-1

[Event "EU-ch Schools U11 Girls"]
[Site "Tornelo INT"]
[Date "2021.12.10"]
[Round "1"]
[White "Sordia, Marta"]
[Black "Haasova, Timea"]
[Result "1-0"]
[WhiteElo "1355"]
[BlackElo "1642"]
[PlyCount "109"]
[EventDate "2021.12.03"]
[EventType "swiss (rapid)"]
[EventRounds "7"]
[EventCountry "NET"]
[SourceTitle "EXT 2023"]
[Source "ChessBase"]
[SourceDate "2022.10.05"]
[SourceVersion "1"]
[SourceVersionDate "2022.10.05"]
[SourceQuality "1"]

1. e4 c5 2. Nf3 e6 3. c4 Nc6 4. Nc3 d6 5. d4 cxd4 6. Nxd4 Nf6 7. Be2 Be7 8. 0-0 0-0 9. Be3 a6 10. f3 Qc7 11. Rc1 Rd8 12. Nd5 exd5 13. cxd5 Bd7 14. dxc6 Bxc6 15. Nf5 d5 16. Qb3 dxe4 17. Bb6 Qe5 18. Nxe7+ Qxe7 19. Bxd8 Rxd8 20. Rcd1 exf3 21. Bxf3 Qc5+ 22. Kh1 Re8 23. Rfe1 Bxf3 24. Rxe8+ Nxe8 25. Qxf3 Qc8 26. Qd5 h6 27. h3 Qc7 28. Qd7 Kf8 29. Qxc7 Nxc7 30. Rd7 Nb5 31. Rxb7 Ke8 32. a4 Nd6 33. Ra7 Nc4 34. b4 Kd8 35. Rxf7 Nb6 36. Rxg7 Nxa4 37. Ra7 h5 38. Rxa6 Nc3 39. Ra5 Ne4 40. Kg1 Nf6 41. Rf5 Ke7 42. b5 Nd7 43. Rxh5 Kd6 44. g4 Kc7 45. Rh7 Kd6 46. g5 Ne5 47. g6 Nxg6 48. Rh6 Kc5 49. Rxg6 Kxb5 50. h4 Kc5 51. h5 Kd5 52. h6 Ke5 53. h7 Kf5 54. Rg7 Kf4 55. h8Q 1-0

[Event "EU-ch Schools U11 Girls"]
[Site "Tornelo INT"]
[Date "2021.12.04"]
[Round "3"]
[White "Sordia, Marta"]
[Black "Haasova, Timea"]
[Result "0-1"]
[WhiteElo "1355"]
[BlackElo "1642"]
[PlyCount "60"]
[EventDate "2021.12.03"]
[EventType "swiss (rapid)"]
[EventRounds "7"]
[EventCountry "NET"]
[SourceTitle "EXT 2023"]
[Source "ChessBase"]
[SourceDate "2022.10.05"]
[SourceVersion "1"]
[SourceVersionDate "2022.10.05"]
[SourceQuality "1"]

1. e4 c5 2. Nf3 e6 3. d4 cxd4 4. Nxd4 Nf6 5. Bd3 Nc6 6. Be3 Be7 7. 0-0 0-0 8. Nc3 b6 9. f4 Nxd4 10. Bxd4 Bb7 11. e5 Nd5 12. Nxd5 Bxd5 13. f5 exf5 14. Bxf5 d6 15. exd6 Qxd6 16. Qg4 Qh6 17. Rae1 Bd6 18. h3 Rfe8 19. Bd3 Be6 20. Qf3 Qh4 21. Rxe6 Qxd4+ 22. Kh1 fxe6 23. Qf7+ Kh8 24. Qh5 g6 25. Bxg6 Re7 26. Qf3 Rg8 27. Bf7 Qe5 28. Kg1 Bc5+ 29. Rf2 Bxf2+ 30. Kxf2 Rf8 0-1

[Event "EU Union-ch U12"]
[Site "Kouty nad Desnou"]
[Date "2021.08.19"]
[Round "6.5"]
[White "Haasova, Timea"]
[Black "Durovka, Marek"]
[Result "0-1"]
[WhiteElo "1627"]
[BlackElo "1619"]
[PlyCount "120"]
[EventDate "2021.08.14"]
[EventType "swiss"]
[EventRounds "9"]
[EventCountry "CZE"]
[SourceTitle "EXT 2022"]
[Source "ChessBase"]
[SourceDate "2021.10.06"]
[SourceVersion "1"]
[SourceVersionDate "2021.10.06"]
[SourceQuality "1"]

1. d4 d5 2. Bf4 Nf6 3. e3 c5 4. c3 Nc6 5. Nd2 e6 6. Ngf3 cxd4 7. exd4 Nh5 8. Bg5 f6 9. Be3 Bd6 10. g3 0-0 11. Nh4 g6 12. Bg2 f5 13. Bh6 Rf7 14. Bf3 Ng7 15. Ng2 Qe7 16. 0-0 Ne8 17. Re1 Nf6 18. Bg5 Qf8 19. Bf4 Ne4 20. Be2 Be7 21. f3 Ng5 22. Bxg5 Bxg5 23. f4 Be7 24. Nf3 Qd8 25. Rf1 a6 26. Nge1 b5 27. a3 Qb6 28. Nd3 Bd6 29. Kh1 a5 30. Re1 Raa7 31. Qd2 b4 32. axb4 axb4 33. Ng5 bxc3 34. bxc3 Rfb7 35. Bf3 Rxa1 36. Rxa1 h6 37. Nh3 Na5 38. Qe2 Rc7 39. Qc2 Qb3 40. Rc1 Ba3 41. Qxb3 Nxb3 42. Rc2 Nxd4 43. Rf2 Rxc3 44. Ne5 Nxf3 45. Rxf3 d4 46. Rd3 Bb7+ 47. Kg1 Be4 48. Rxc3 dxc3 49. Nf2 c2 50. Nfd3 Bxd3 51. Nxd3 c1Q+ 52. Nxc1 Bxc1 53. Kf2 g5 54. Kf3 g4+ 55. Kg2 h5 56. h3 e5 57. fxe5 Kf7 58. h4 Ke6 59. Kf2 Kxe5 60. Ke2 Ke4 0-1

[Event "EU Union-ch U12"]
[Site "Kouty nad Desnou"]
[Date "2021.08.18"]
[Round "5.4"]
[White "Popov, Roman4444"]
[Black "Haasova, Timea"]
[Result "1-0"]
[WhiteElo "1629"]
[BlackElo "1627"]
[PlyCount "129"]
[EventDate "2021.08.14"]
[EventType "swiss"]
[EventRounds "9"]
[EventCountry "CZE"]
[SourceTitle "EXT 2022"]
[Source "ChessBase"]
[SourceDate "2021.10.06"]
[SourceVersion "1"]
[SourceVersionDate "2021.10.06"]
[SourceQuality "1"]

1. d4 d5 2. c4 c6 3. Nf3 Nf6 4. g3 dxc4 5. Bg2 b5 6. Ne5 Bb7 7. a4 a6 8. b3 cxb3 9. Qxb3 e6 10. Bb2 Qc8 11. 0-0 Be7 12. Nc3 Nbd7 13. Rfc1 b4 14. Na2 c5 15. Nxd7 Qxd7 16. Bxb7 Qxb7 17. dxc5 a5 18. Nc3 Bxc5 19. Nb5 Qb6 20. Rxc5 Qxc5 21. Rc1 Qb6 22. Bd4 Qb8 23. Nc7+ Kf8 24. Nxa8 Qxa8 25. Qb2 Qd8 26. Rd1 Qe7 27. Be5 Kg8 28. Qc1 h6 29. Qc8+ Kh7 30. Qc2+ Kg8 31. Bc7 g6 32. Bxa5 Kg7 33. Bb6 Rb8 34. Bd4 Kh7 35. Bc5 Qe8 36. Qb2 Kg7 37. Bd4 Qe7 38. a5 Ra8 39. Ra1 Ra6 40. Ra4 h5 41. Rxb4 Rxa5 42. Rb7 Qd8 43. Rb8 Qe7 44. Bxf6+ Qxf6 45. Rg8+ Kxg8 46. Qxf6 Rf5 47. Qd8+ Kg7 48. e4 Rf3 49. Kg2 Rb3 50. Qd4+ Kh7 51. Kh3 Rf3 52. Kh4 f6 53. Kh3 e5 54. Qd7+ Kh6 55. Kg2 Rb3 56. Qe6 Rb4 57. Qg8 Rb7 58. Qh8+ Rh7 59. Qxf6 Ra7 60. Qxe5 Rb7 61. Qd5 Rg7 62. e5 Re7 63. e6 Kg7 64. Qe5+ Kf8 65. Qf6+ 1-0